Länder, die Bhutan am nächsten liegen - Statistiken

Allgemein
  • Dieses Quiz wurde 128 mal gespielt
  • Das Durchschnittsergebnis liegt bei 18 aus 20
Antwortstatistiken
km Land % Korrekt
0 China
100%
0 Indien
100%
1410 Pakistan
97%
297 Birma
96%
63 Nepal
96%
43 Bangladesch
95%
993 Thailand
95%
1074 Laos
94%
1131 Vietnam
93%
1714 Afghanistan
92%
1703 Tadschikistan
92%
1764 Kirgisistan
91%
1693 Mongolei
90%
2055 Usbekistan
90%
1779 Kasachstan
89%
2369 Turkmenistan
88%
1805 Kambodscha
87%
2108 Sri Lanka
87%
2329 Russland
85%
2357 Indonesien
70%
Keine übereinstimmenden Quizze gefunden
Verteilung der Resultate
Anzahl Personen mit jedem Resultat
Perzentil nach korrekt beantworteten Fragen
Ihre Resultats-Entwicklung
Sie haben dieses Quiz noch nicht gespielt